000 01002nam a22003257a 4500
003 CHAP
005 20220329135710.0
008 971013s1970 r 00010 d
010 _a40751
011 _a41723
035 _a45849
040 _cCHAP
082 _a330.01
_bM6
100 0 0 _aMosbaek, Ernst J.
_978987
245 _aInterdependent systems
_b: structure and estimation
260 _aAmsterdam :
_bNorth- Holland,
_c1970
300 _a542 p
590 _aBATCH-UPD
_b10
_c20130109
_lUCH01
_h2332
590 _aBATCH-UPD
_b10
_c20130110
_lUCH01
_h1121
590 _aBATCH-UPD
_b10
_c20130410
_lUCH01
_h0711
590 _aBATCH-UPD
_b10
_c20130914
_lUCH01
_h1257
590 _aCONVERSION
_b10
_c20130109
_lUCH01
_h1322
650 1 4 _aEconometría.
_935201
650 1 4 _aMétodo de Monte Carlo.
_976621
650 1 4 _aModelos matemáticos.
_976419
700 0 _aWold, Herman O.
_9122415
901 _aBK
942 _cLIBRO
949 _a330.01 M6
_bBC
_cLIBRO
_d33724000314027
_eLIBRO
_h41679
_i45849
_si
999 _c40751
_d40751